BIBLIOTHÈQUE DE LA MAISON DU MEXIQUE

Logo 1 Logo 2

Grands écrivains français de la renaissance (notice nᵒ 10279)

détails MARC
000 -Sello discográfico
campo de control de longitud fija 01289nam a2200325 4500
005 - Identificación de versión
campo de control 20251016083217.0
099 ## - fechas locales
Tipo de ítem Koha LIBRO
100 ## - Datos de procesamiento general
Datos de procesamiento general 20031222d1969 m y1spay5003 ba
101 ## - Idioma del recurso
Idioma del texto, banda sonora, etc. Francés
105 ## - Campo de datos codificados: Material textual, monográfico
Datos codificados de monografía y 001ay
200 1# - Título y mención de responsabilidad
Título propio Grands écrivains français de la renaissance
Designación general del material texto impreso
Otra información del título le roman d'amour de Clément Marot. Le platonisme et la littérature en France. Marguerite de Navarre. Le tiers livre du "Pantagruel" et la querelle des femmes. Jean Calvin. La pléiade au Collège de France
Primer mención de responsabilidad Abel Lefranc
210 ## - Publicación, distribución, etc.
Lugar de publicación, distribución, etc. Paris
Nombre del editor, distribuidor, etc. Librairie Honoré Champion, Editeur
Fecha de publicación, distribución, etc. 1969
215 ## - Descripción física
Designación de material específico y extensión del ítem 414 p
Dimensiones 23 cm
345 ## - Nota de información de adquisición
Fuente de adquisición/dirección de la suscripción [OBSOLETO] Donación
410 #1 - Series
Título Les lettres et les idées depuis la renaissance
Número de volumen 2
600 ## - Nombre personal usado como materia
Elemento de entrada Angoulême
Parte del nombre distinta del elemento de entrada Marguerite d'
Fechas 1492-1549
Adiciones al nombre que no sean fechas reine de Navarre
Número Koha 5043
600 ## - Nombre personal usado como materia
Elemento de entrada Calvin
Parte del nombre distinta del elemento de entrada Jean
Fechas 1509-1564
Número Koha 16811
600 ## - Nombre personal usado como materia
Elemento de entrada Marot
Parte del nombre distinta del elemento de entrada Clément
Fechas 1496-1549
Número Koha 16812
600 ## - Nombre personal usado como materia
Elemento de entrada Rabelais
Parte del nombre distinta del elemento de entrada François
Fechas 1494-1553
Subdivisión temática Pantagruel
Número Koha 16813
606 ## - Término temático usado como materia
Elemento de entrada Renacimiento
Subdivisión geográfica Francia
Número Koha 16814
660 ## - Código de área geográfica
Código MX
700 ## - Nombre personal - Responsabilidad primaria
Elemento de entrada Lefranc
Parte del nombre distinta del elemento de entrada Abel
Fechas 1863-1952
Número Koha 16815
801 #0 - Fuente de origen
Agencia cm
900 ## -
-- 1/5639
900 ## -
-- 7100317401\221203
942 ## - ELEMENTOS DE ENTRADA SECUNDARIOS (KOHA)
Tipo de ítem Koha Livre
996 ## -
-- MEX
-- 751145101
-- MMAG
-- 010908
-- 840.90 L495GR
-- 20240812LIV
Exemplaires
Estatus retirado Estado de daño Estado de pérdida Fecha de adquisición Biblioteca de origen Biblioteca actual Ubicación en estantería Código de barras Precio de reemplazo Signatura topográfica completa No para préstamo Tipo de ítem Koha Nota pública Nota no pública
      05/08/2025 Casa México Paris Casa México Paris   010908 05/08/2025 840.90 L495GR   Livre 20240812LIV 751145101